Normal view
MARC view
- الأدب العربي - فنون أدبية ولغوية
Entry Topical Term
001 - CONTROL NUMBER
- control field: 52092
003 - CONTROL NUMBER IDENTIFIER
- control field: JO-AjAnu
005 - DATE AND TIME OF LATEST TRANSACTION
- control field: 20230606082550.0
008 - FIXED-LENGTH DATA ELEMENTS
- fixed length control field: 230606|| aca||aabn | a|a d
040 ## - CATALOGING SOURCE
- Original cataloging agency: JO-AjAnu
- Transcribing agency: JO-AjAnu
150 ## - HEADING--TOPICAL TERM
- Topical term or geographic name entry element: الأدب العربي - فنون أدبية ولغوية
670 ## - SOURCE DATA FOUND
- Source citation: Work cat.: (JO-AjAnu)26622: أصدره قسم اللغة العربية: كلية الإنسانيات والعلوم الإجتماعية، جامعة قطر, author 52091, المدخل لدراسة الفنون الأدبية واللغوية